000 00572nam a2200181Ia 4500
008 151018s9999 xx 000 0 und d
082 _bRBASDV37659
_a891.463
100 _aसंजय सोनवणी
245 _aअखेरचं वादळ
250 _b3
260 _bपुष्प प्रकाशन पुणे
_c2002
300 _a167
600 _aसंजय सोनवणी
630 _aअखेरचं वादळ
700 _aसंजय सोनवणी
730 _aअखेरचं वादळ
942 _cBOOK
999 _c1037077
_d1037074